000 01302cam a22003377a 4500
003 CHAP
005 20220329133457.0
008 971013s1993 r 00010 d
010 _a6832
011 _a7804
035 _a7028
040 _cCHAP
082 _a312.0972
_bM49c 1990 Res. Def.
110 _aInstituto Nacional de Estadística, Geografía e Informática. México
_959304
245 0 _aCenso general de población y vivienda (11) 1990 : resultados definitivos : síntesis de resultados
260 _aAguascalientes, Ags. :
_bEl Instituto,
_c1993
300 _a106 p.
_b: mapas
500 _aIncluye un mapa
590 _aBATCH-UPD
_b10
_c20130110
_lUCH01
_h1605
590 _aBATCH-UPD
_b10
_c20130410
_lUCH01
_h1001
590 _aBATCH-UPD
_b10
_c20130914
_lUCH01
_h1822
590 _aCONVERSION
_b10
_c20130109
_lUCH01
_h1305
650 1 4 _aMéxico
_xCensos (1990)
_976661
650 1 4 _aPoblación
_xEstadísticas
_zMéxico.
_989385
650 1 4 _aVivienda
_zMéxico.
_9120153
901 _aBK
942 _cLIBRO
949 _a312. 0972 M49c 1990 Res.Def. mapa
_bBC
_cESP
_d-117751
_eESP
_h84957
_i7028
_si
949 _a312. 0972 M49c 1990 Res.Def. mapa
_bBC
_cESP
_d33724002200124
_eESP
_fc.2
_h84957
_i7028
_sb
949 _a312.0972 M49c 1990 Res.Def.
_bBC
_cINEGI
_d33724000120754
_eINEGI
_h89157
_i7028
_si
999 _c6832
_d6832